| 000 | 01163nam1a22002531 4500 | ||
|---|---|---|---|
| 001 | rc\68575 | ||
| 005 | 20021216130538.1 | ||
| 035 | _a(NLR Aleph) 005389378 | ||
| 090 |
_a7173425 _c7173425 |
||
| 100 | _a20021216d1993 u |0rusy50 ca | ||
| 101 | 0 | _arus | |
| 102 | _aRU | ||
| 105 | _ay ||||||||| | ||
| 200 | 1 |
_aМеханизм функционирования предприятий в рыночной экономике _eОсновы экон. теории "Микроэкономика" _eКурс лекций _fГ.М. Еремин, С.К. Калашников, Л.Г. Кухтинова _gМ-во науки, высш. шк. и техн. политики РФ. Пенз. политехн. ин-т |
|
| 210 |
_aПенза _cИзд-во Пенз. политехн. ин-та _d1993 |
||
| 215 | _d20 | ||
| 700 | 1 |
_aЕремин _bГ. М. _gГеннадий Михайлович |
|
| 701 | 1 |
_aКалашников _bС. К. _gСергей Константинович |
|
| 701 | 1 |
_aКухтинова _bЛ. Г. _gЛюдмила Георгиевна |
|
| 801 | 0 |
_aRU _bNLR _gpsbo |
|
| 801 | 1 |
_aRU _bELAR _2rusmarc |
|
| 852 |
_aNLR _j92-4/10175 |
||
| 942 | _cBOOK | ||
| 980 | _aNB | ||